<?xml version="1.0" encoding="UTF-8"?>
<record
    xmlns:xsi="http://www.w3.org/2001/XMLSchema-instance"
    xsi:schemaLocation="http://www.loc.gov/MARC21/slim http://www.loc.gov/standards/marcxml/schema/MARC21slim.xsd"
    xmlns="http://www.loc.gov/MARC21/slim">

  <leader>02442nam2a22003851  4500</leader>
  <controlfield tag="001">rc\253326</controlfield>
  <controlfield tag="005">20250612172145.0</controlfield>
  <datafield tag="010" ind1=" " ind2=" ">
    <subfield code="a">5-280-01146-0</subfield>
    <subfield code="9">50000</subfield>
  </datafield>
  <datafield tag="035" ind1=" " ind2=" ">
    <subfield code="a">(NLR Aleph) 008749955</subfield>
  </datafield>
  <datafield tag="090" ind1=" " ind2=" ">
    <subfield code="a">9564484</subfield>
    <subfield code="c">9564484</subfield>
  </datafield>
  <datafield tag="100" ind1=" " ind2=" ">
    <subfield code="a">20030307d1990    |||y0rusy50      ca</subfield>
  </datafield>
  <datafield tag="101" ind1="0" ind2=" ">
    <subfield code="a">rus</subfield>
  </datafield>
  <datafield tag="102" ind1=" " ind2=" ">
    <subfield code="a">RU</subfield>
  </datafield>
  <datafield tag="105" ind1=" " ind2=" ">
    <subfield code="a">a   |||||||||</subfield>
  </datafield>
  <datafield tag="200" ind1="1" ind2=" ">
    <subfield code="a">&#x421;&#x442;&#x438;&#x445;&#x43E;&#x442;&#x432;&#x43E;&#x440;&#x435;&#x43D;&#x438;&#x44F;. &#x41B;&#x435;&#x433;&#x435;&#x43D;&#x434;&#x44B;. &#x411;&#x430;&#x43B;&#x43B;&#x430;&#x434;&#x44B;. &#x422;&#x440;&#x430;&#x433;&#x438;&#x447;&#x435;&#x441;&#x43A;&#x430;&#x44F; &#x43F;&#x43B;&#x43E;&#x44D;&#x43C;&#x430;</subfield>
    <subfield code="f">&#x41F;&#x435;&#x440;&#x435;&#x432;&#x43E;&#x434; &#x421;. &#x421;&#x435;&#x432;&#x435;&#x440;&#x446;&#x435;&#x432;&#x430;</subfield>
  </datafield>
  <datafield tag="210" ind1=" " ind2=" ">
    <subfield code="d">1990</subfield>
    <subfield code="a">&#x411;. &#x43C;.</subfield>
  </datafield>
  <datafield tag="215" ind1=" " ind2=" ">
    <subfield code="a">493, [1] &#x441;.</subfield>
    <subfield code="c">&#x438;&#x43B;.</subfield>
  </datafield>
  <datafield tag="327" ind1="0" ind2=" ">
    <subfield code="a">&#x421;&#x43E;&#x434;&#x435;&#x440;&#x436;.: &#x421;&#x442;&#x438;&#x445;&#x43E;&#x442;&#x432;&#x43E;&#x440;&#x435;&#x43D;&#x438;&#x44F;: &#x41D;&#x430;&#x434;&#x43F;&#x438;&#x441;&#x44C; &#x43D;&#x430; &#x441;&#x43A;&#x430;&#x43B;&#x435;; &#x426;&#x438;&#x43A;&#x43B;&#x44B;: &#x411;&#x438;&#x440;&#x44E;&#x437;&#x430; - &#x43C;&#x43E;&#x439; &#x43A;&#x430;&#x43C;&#x435;&#x43D;&#x44C;; &#x41B;&#x44E;&#x431;&#x43B;&#x44E; &#x43C;&#x43E;&#x438; &#x433;&#x43E;&#x440;&#x44B;; &#x423;&#x442;&#x440;&#x43E; &#x43B;&#x44E;&#x431;&#x432;&#x438;; &#x412;&#x43E;&#x43B;&#x448;&#x435;&#x431;&#x43D;&#x44B;&#x439; &#x43A;&#x43B;&#x44E;&#x447;; &#x41D;&#x430;&#x432;&#x441;&#x442;&#x440;&#x435;&#x447;&#x443; &#x442;&#x435;&#x431;&#x435;!; &#x412;&#x434;&#x432;&#x43E;&#x435;&#x43C; &#x432; &#x43E;&#x433;&#x43D;&#x435;; &#x41F;&#x43E;&#x441;&#x43B;&#x435;&#x434;&#x43D;&#x44F;&#x44F; &#x441;&#x442;&#x443;&#x43F;&#x435;&#x43D;&#x44C;, &#x438; &#x434;&#x440;.; &#x414;&#x440;&#x430;&#x43A;&#x43E;&#x43D; &#x438; &#x431;&#x43E;&#x433;&#x430;&#x442;&#x44B;&#x440;&#x44C;: &#x411;&#x430;&#x43B;&#x43B;&#x430;&#x434;&#x44B; &#x438; &#x43B;&#x435;&#x433;&#x435;&#x43D;&#x434;&#x44B;; &#x41A;&#x440;&#x430;&#x441;&#x43D;&#x44B;&#x435; &#x436;&#x430;&#x432;&#x43E;&#x440;&#x43E;&#x43D;&#x43A;&#x438;: &#x422;&#x440;&#x430;&#x433;&#x438;&#x447;. &#x43F;&#x43E;&#x44D;&#x43C;&#x430;</subfield>
  </datafield>
  <datafield tag="461" ind1=" " ind2="0">
    <subfield code="1">001rc\253324</subfield>
    <subfield code="1">2001#$a&#x421;&#x43E;&#x431;&#x440;&#x430;&#x43D;&#x438;&#x435; &#x441;&#x43E;&#x447;&#x438;&#x43D;&#x435;&#x43D;&#x438;&#x439;$e&#x412; 3 &#x442;.$e&#x41F;&#x435;&#x440;. &#x441; &#x430;&#x432;&#x430;&#x440;.$f&#x424;&#x430;&#x437;&#x443; &#x410;&#x43B;&#x438;&#x435;&#x432;&#x430;$g[&#x425;&#x443;&#x434;&#x43E;&#x436;. &#x411;. &#x42E;&#x442;&#x43A;&#x438;&#x43D;]$v&#x422;. 2</subfield>
    <subfield code="1">700#1$a&#x410;&#x43B;&#x438;&#x435;&#x432;&#x430;$b&#x424;.&#x413;.$g&#x424;&#x430;&#x437;&#x443; &#x413;&#x430;&#x43C;&#x437;&#x430;&#x442;&#x43E;&#x432;&#x43D;&#x430;$f1932-</subfield>
    <subfield code="9">7940211</subfield>
    <subfield code="a">&#x410;&#x43B;&#x438;&#x435;&#x432;&#x430;, &#x424;. &#x413;. (1932-2016)</subfield>
    <subfield code="c">&#x41C;.</subfield>
    <subfield code="d">1990-</subfield>
    <subfield code="f">&#x424;&#x430;&#x437;&#x443; &#x410;&#x43B;&#x438;&#x435;&#x432;&#x430;</subfield>
    <subfield code="n">&#x425;&#x443;&#x434;&#x43E;&#x436;. &#x43B;&#x438;&#x442;.</subfield>
    <subfield code="o">&#x412; 3 &#x442;. : &#x41F;&#x435;&#x440;. &#x441; &#x430;&#x432;&#x430;&#x440;.</subfield>
    <subfield code="t">&#x421;&#x43E;&#x431;&#x440;&#x430;&#x43D;&#x438;&#x435; &#x441;&#x43E;&#x447;&#x438;&#x43D;&#x435;&#x43D;&#x438;&#x439;</subfield>
    <subfield code="y">5280011452</subfield>
    <subfield code="v">&#x422;. 2</subfield>
  </datafield>
  <datafield tag="464" ind1=" " ind2="0">
    <subfield code="1">2001#$a&#x41D;&#x430;&#x434;&#x43F;&#x438;&#x441;&#x44C; &#x43D;&#x430; &#x441;&#x43A;&#x430;&#x43B;&#x435;</subfield>
    <subfield code="t">&#x41D;&#x430;&#x434;&#x43F;&#x438;&#x441;&#x44C; &#x43D;&#x430; &#x441;&#x43A;&#x430;&#x43B;&#x435;</subfield>
  </datafield>
  <datafield tag="464" ind1=" " ind2="0">
    <subfield code="1">2001#$a&#x411;&#x438;&#x440;&#x44E;&#x437;&#x430; - &#x43C;&#x43E;&#x439; &#x43A;&#x430;&#x43C;&#x435;&#x43D;&#x44C;</subfield>
    <subfield code="t">&#x411;&#x438;&#x440;&#x44E;&#x437;&#x430; - &#x43C;&#x43E;&#x439; &#x43A;&#x430;&#x43C;&#x435;&#x43D;&#x44C;</subfield>
  </datafield>
  <datafield tag="464" ind1=" " ind2="0">
    <subfield code="1">2001#$a&#x41B;&#x44E;&#x431;&#x43B;&#x44E; &#x43C;&#x43E;&#x438; &#x433;&#x43E;&#x440;&#x44B;</subfield>
    <subfield code="t">&#x41B;&#x44E;&#x431;&#x43B;&#x44E; &#x43C;&#x43E;&#x438; &#x433;&#x43E;&#x440;&#x44B;</subfield>
  </datafield>
  <datafield tag="464" ind1=" " ind2="0">
    <subfield code="1">2001#$a&#x423;&#x442;&#x440;&#x43E; &#x43B;&#x44E;&#x431;&#x432;&#x438;</subfield>
    <subfield code="t">&#x423;&#x442;&#x440;&#x43E; &#x43B;&#x44E;&#x431;&#x432;&#x438;</subfield>
  </datafield>
  <datafield tag="464" ind1=" " ind2="0">
    <subfield code="1">2001#$a&#x412;&#x43E;&#x43B;&#x448;&#x435;&#x431;&#x43D;&#x44B;&#x439; &#x43A;&#x43B;&#x44E;&#x447;</subfield>
    <subfield code="t">&#x412;&#x43E;&#x43B;&#x448;&#x435;&#x431;&#x43D;&#x44B;&#x439; &#x43A;&#x43B;&#x44E;&#x447;</subfield>
  </datafield>
  <datafield tag="464" ind1=" " ind2="0">
    <subfield code="1">2001#$a&#x41D;&#x430;&#x432;&#x441;&#x442;&#x440;&#x435;&#x447;&#x443; &#x442;&#x435;&#x431;&#x435;!</subfield>
    <subfield code="t">&#x41D;&#x430;&#x432;&#x441;&#x442;&#x440;&#x435;&#x447;&#x443; &#x442;&#x435;&#x431;&#x435;!</subfield>
  </datafield>
  <datafield tag="464" ind1=" " ind2="0">
    <subfield code="1">2001#$a&#x412;&#x434;&#x432;&#x43E;&#x435;&#x43C; &#x432; &#x43E;&#x433;&#x43D;&#x435;</subfield>
    <subfield code="t">&#x412;&#x434;&#x432;&#x43E;&#x435;&#x43C; &#x432; &#x43E;&#x433;&#x43D;&#x435;</subfield>
  </datafield>
  <datafield tag="464" ind1=" " ind2="0">
    <subfield code="1">2001#$a&#x41F;&#x43E;&#x441;&#x43B;&#x435;&#x434;&#x43D;&#x44F;&#x44F; &#x441;&#x442;&#x443;&#x43F;&#x435;&#x43D;&#x44C;</subfield>
    <subfield code="t">&#x41F;&#x43E;&#x441;&#x43B;&#x435;&#x434;&#x43D;&#x44F;&#x44F; &#x441;&#x442;&#x443;&#x43F;&#x435;&#x43D;&#x44C;</subfield>
  </datafield>
  <datafield tag="464" ind1=" " ind2="0">
    <subfield code="1">2001#$a&#x414;&#x440;&#x430;&#x43A;&#x43E;&#x43D; &#x438; &#x431;&#x43E;&#x433;&#x430;&#x442;&#x44B;&#x440;&#x44C;</subfield>
    <subfield code="t">&#x414;&#x440;&#x430;&#x43A;&#x43E;&#x43D; &#x438; &#x431;&#x43E;&#x433;&#x430;&#x442;&#x44B;&#x440;&#x44C;</subfield>
  </datafield>
  <datafield tag="464" ind1=" " ind2="0">
    <subfield code="1">2001#$a&#x41A;&#x440;&#x430;&#x441;&#x43D;&#x44B;&#x435; &#x436;&#x430;&#x432;&#x43E;&#x440;&#x43E;&#x43D;&#x43A;&#x438;</subfield>
    <subfield code="t">&#x41A;&#x440;&#x430;&#x441;&#x43D;&#x44B;&#x435; &#x436;&#x430;&#x432;&#x43E;&#x440;&#x43E;&#x43D;&#x43A;&#x438;</subfield>
  </datafield>
  <datafield tag="702" ind1=" " ind2="1">
    <subfield code="a">&#x421;&#x435;&#x432;&#x435;&#x440;&#x446;&#x435;&#x432;</subfield>
    <subfield code="b">&#x421;.&#x41B;.</subfield>
    <subfield code="g">&#x421;&#x435;&#x440;&#x433;&#x435;&#x439; &#x41B;&#x435;&#x43E;&#x43D;&#x438;&#x434;&#x43E;&#x432;&#x438;&#x447;</subfield>
    <subfield code="4">730</subfield>
  </datafield>
  <datafield tag="801" ind1=" " ind2="0">
    <subfield code="a">RU</subfield>
    <subfield code="b">NLR</subfield>
    <subfield code="g">psbo</subfield>
  </datafield>
  <datafield tag="801" ind1=" " ind2="1">
    <subfield code="a">RU</subfield>
    <subfield code="b">ELAR</subfield>
    <subfield code="2">rusmarc</subfield>
  </datafield>
  <datafield tag="852" ind1=" " ind2=" ">
    <subfield code="a">NLR</subfield>
    <subfield code="j">90-3/1839</subfield>
  </datafield>
  <datafield tag="942" ind1=" " ind2=" ">
    <subfield code="c">BOOK</subfield>
  </datafield>
  <datafield tag="980" ind1=" " ind2=" ">
    <subfield code="a">NB</subfield>
  </datafield>
  <datafield tag="995" ind1=" " ind2=" ">
    <subfield code="5">2013-10-26</subfield>
    <subfield code="b">NLR01</subfield>
    <subfield code="c">NLR01</subfield>
    <subfield code="e">RF9</subfield>
    <subfield code="f">1-2349045</subfield>
    <subfield code="k">90-3/1839</subfield>
    <subfield code="o">0</subfield>
    <subfield code="r">BOOK</subfield>
    <subfield code="s">9031839_</subfield>
  </datafield>
  <datafield tag="995" ind1=" " ind2=" ">
    <subfield code="5">2014-04-08</subfield>
    <subfield code="a">az</subfield>
    <subfield code="b">NLR02</subfield>
    <subfield code="c">NLR02</subfield>
    <subfield code="e">NZ2</subfield>
    <subfield code="f">1-376080</subfield>
    <subfield code="k">&#x41D;&#x437;  &#x428;6(24)/&#x410;-500</subfield>
    <subfield code="o">0</subfield>
    <subfield code="r">BOOK</subfield>
    <subfield code="s">_624500</subfield>
  </datafield>
</record>
